| 000 | 00642nam a2200181Ia 4500 | ||
|---|---|---|---|
| 003 | GCL | ||
| 008 | 140319s9999 xx 000 0 ara d | ||
| 040 |
_aGCL / _cGCL |
||
| 082 | 0 | 4 |
_a568.401 _bن م |
| 100 | 1 | _aنبيل عز | |
| 245 | 1 | 0 |
_aمذكرات فى الفكر الادارى مدخل الى استرتيجيات وسياسات الاعمال والسياسات الادارية / _cنبيل عز |
| 260 |
_a[S.N] : _bمكتبة عين شمس |
||
| 490 | _a | ||
| 650 | 0 | 4 | _aادارة الاعمال |
| 650 | 0 | 4 | _aتنظيم وادارة المصانع |
| 650 | 0 | 4 | _aادارة الاعمال والسياسة |
| 942 |
_2ddc _cBK |
||
| 999 |
_c54374 _d54374 |
||